000 00442nam a2200157Ia 4500
003 GCL
008 140319s9999 xx 000 0 aGer d
040 _aGCL /
_cGCL
082 0 4 _a892.76
_bN I
100 1 _aNAGUIB MAHFOUZ
245 1 0 _aIL CAFFE' DEGLI INTRIGHI /
_cNAGUIB MAHFOUZ
260 _aالقاهرة :
_bTHE AMERICAN UNIVERSITY IN CAIRO PRESS ،
_c1988
300 _a94 P ؛
_c25CM
650 0 4 _aNAGUIB MAHFOUZ
942 _2ddc
_cBK
999 _c18488
_d18488